Fr. Conceicao Rodrigues College of Engineering

Communication Systems (Record no. 33619)

MARC details
000 -LEADER
fixed length control field 00302nam a2200133Ia 4500
082 ## - DEWEY DECIMAL CLASSIFICATION NUMBER
Classification number 621.38043
Item number CAR
100 ## - MAIN ENTRY--PERSONAL NAME
Personal name Carlson/A.Bruce
245 ## - TITLE STATEMENT
Title Communication Systems
260 ## - PUBLICATION, DISTRIBUTION, ETC.
Name of publisher, distributor, etc. McGraw Hill
Place of publication, distribution, etc. New York
Date of publication, distribution, etc. 1986
300 ## - PHYSICAL DESCRIPTION
Extent 686
546 ## - LANGUAGE NOTE
Language note ENGLISH
654 ## - SUBJECT ADDED ENTRY--FACETED TOPICAL TERMS
Focus term communication systems
942 ## - ADDED ENTRY ELEMENTS (KOHA)
Koha item type BOOK
Holdings
Withdrawn status Lost status Damaged status Not for loan Collection Home library Current library Shelving location Date acquired Source of acquisition Cost, normal purchase price Inventory number Total Checkouts Full call number Barcode Date last seen Cost, replacement price Price effective from Koha item type
        CRC Fr. Agnel's C.Rodrigues College of Engineering Fr. Agnel's C.Rodrigues College of Engineering   17/03/2023 Book World 137.25 057 dt 03.07.90   621.38043 CAR 2864 17/03/2023 137.25 03/07/1990 BOOK